Prehistoria de Chile
Gespeichert in:
| 1. Verfasser: | |
|---|---|
| Format: | Buch |
| Sprache: | Spanisch |
| Veröffentlicht: |
Santiago, Chile
Universitaria
1992
|
| Ausgabe: | Décima edición |
| Schriftenreihe: | Colección Imagen de Chile
|
| Schlagworte: | |
| Tags: |
Tag hinzufügen
Keine Tags, Fügen Sie den ersten Tag hinzu!
|
MARC
| LEADER | 00000nam a2200000 a 4500 | ||
|---|---|---|---|
| 001 | UCQ8459 | ||
| 003 | CL-VaPUC | ||
| 005 | 20240611105630.0 | ||
| 008 | 981209e19920000CL |||||||||||||||||spa|d | ||
| 999 | |c 277714 |d 277712 | ||
| 040 | |c Pontificia Universidad Católica de Valparaíso | ||
| 082 | 0 | 4 | |a 983.01 MOS 1992 |2 21 |
| 100 | |a Mostny, Grete |e autora |9 494000 | ||
| 245 | 1 | 0 | |a Prehistoria de Chile |
| 250 | |a Décima edición | ||
| 260 | |a Santiago, Chile |b Universitaria |c 1992 | ||
| 300 | |a 184 páginas | ||
| 490 | 0 | |a Colección Imagen de Chile | |
| 583 | |a last modification |c 19981209 00:00:00 |k Rodrigo Vera | ||
| 650 | 0 | |a Arqueología |z CHILE |9 265619 | |
| 650 | 0 | |a Prehistoria |z CHILE |9 316557 | |
| 650 | 0 | |a Historia |9 255047 | |
| 852 | |a BIBCUR | ||
| 942 | |c BK |2 ddc | ||
| 945 | |d 19981209 00:00:00 |a aarredon | ||
| 952 | |0 0 |1 0 |2 ddc |4 0 |6 983_010000000000000_MOS_1992 |7 0 |8 A |9 315882 |a BIBHIS |b BIBHIS |d 2019-11-20 |i 3486753 |o 983.01 MOS 1992 |p 3486753 |r 2025-01-20 |t 1 |w 2019-11-20 |y BK |k HIS | ||